Statistics for Lana Del Rey - The Next Best American Records Lyrics

Click here to take the quiz!

General Stats

  • This quiz has been taken 24 times
  • The average score is 330 of 353

Answer Stats

Answer% Correct
all
100%
American
100%
architecture
100%
baby
100%
best
100%
dance
100%
I
100%
it
100%
It
100%
just
100%
knew
100%
My
100%
my
100%
next
100%
obsessed
100%
on
100%
party
100%
record
100%
so
100%
The
100%
the
100%
To
100%
to
100%
tonight
100%
underneath
100%
used
100%
wanna
100%
We
100%
we
100%
were
100%
Whatever’s
100%
with
100%
writing
100%
you
100%
You
100%
And
94%
and
94%
bathing
94%
could
94%
gave
94%
had
94%
I'm
94%
Like
94%
like
94%
make
94%
of
94%
off
94%
suit
94%
taking
94%
that
94%
That
94%
are
88%
'Cause
88%
cigarettes
88%
day
88%
do
88%
drive
88%
Every
88%
every
88%
Everything
88%
feel
88%
good
88%
hot
88%
in
88%
It's
88%
love
88%
Malibu
88%
me
88%
never
88%
night
88%
really
88%
smokin'
88%
something
88%
There's
88%
through
88%
time
88%
Topanga's
88%
want
88%
was
88%
who
88%
405
81%
as
81%
cool
81%
down
81%
Eagles
81%
frame
81%
got
81%
He
81%
heck
81%
his
81%
Houses
81%
lead
81%
lost
81%
play
81%
roads
81%
say
81%
space
81%
spirit
81%
them
81%
things
81%
thousands
81%
’til
81%
track
81%
true
81%
wanted
81%
way
81%
'70s
75%
'90s
75%
bed
75%
for
75%
girls
75%
mind
75%
see
75%
guitar
69%
plays
69%
Bill
63%
Holy
63%
Why
63%

Score Distribution

Percentile by Number Answered

Percent of People with Each Score

Your Score History

You have not taken this quiz